| 000 | 00582nam a2200205 a 4500 | ||
|---|---|---|---|
| 005 | 20240228063834.0 | ||
| 008 | 991125s2007 bo 000 0 spa u | ||
| 020 | _a9789686445633 | ||
| 035 | _aUPN01000046522 | ||
| 049 | _aI | ||
| 050 | 4 |
_aPZ78 _bK6.3 |
|
| 100 | 1 | _aKomagata, Katsumi | |
| 245 | 1 | 1 |
_a¡Descúbrelo! / _cKatsumi Komagata. |
| 260 |
_aMéxico : _bPetra, _c2007. |
||
| 300 |
_a[53] p. : _bprincipalmente il. col. |
||
| 534 |
_pTítulo original: _tFound it! |
||
| 650 | 4 |
_aLibros y lectura para niños _92290 |
|
| 650 | 4 |
_aFIGURA EN EL DIBUJO _910353 |
|
| 905 | _aLibro | ||
| 999 |
_c46522 _d46522 |
||